Statistiken für Städte Europas

Klicken Sie hier um das Quiz zu spielen!

Allgemein

  • Dieses Quiz wurde 245 mal gespielt
  • Das Durchschnittsergebnis liegt bei 53 aus 63

Antworten auf der Karte

Die Antworten werden auf der Karte rot bzw. grün angezeigt, abhängig davon wie oft sie richtig erraten wurden.
 

Antwortstatistiken

LandAntwort% Korrekt
DeutschlandBerlin
99%
GroßbritannienLondon
99%
SpanienMadrid
98%
SchweizBern
97%
IrlandDublin
97%
DeutschlandHamburg
97%
PortugalLissabon
97%
RusslandMoskau
97%
FrankreichParis
97%
ItalienRom
97%
GriechenlandAthen
96%
UkraineKiew
96%
DeutschlandKöln
96%
DeutschlandMünchen
96%
NorwegenOslo
96%
TschechienPrag
96%
PolenWarschau
96%
ÖsterreichWien
96%
BelgienBrüssel
95%
TürkeiIstanbul
95%
SchwedenStockholm
95%
NiederlandeAmsterdam
94%
SpanienBarcelona
94%
FinnlandHelsinki
94%
DänemarkKopenhagen
94%
TürkeiAnkara
91%
ItalienMailand
91%
UngarnBudapest
90%
KroatienZagreb
89%
SchweizZürich
89%
RumänienBukarest
88%
IslandReykjavik
88%
LettlandRiga
87%
BulgarienSofia
86%
RusslandSt. Petersburg
86%
FrankreichLyon
84%
FrankreichMarseille
84%
WeißrusslandMinsk
84%
ItalienNeapel
83%
PortugalPorto
82%
EstlandTallinn
82%
NiederlandeRotterdam
79%
GroßbritannienLiverpool
78%
BosnienSarajevo
78%
SerbienBelgrad
75%
SlowakeiBratislava
75%
AlbanienTirana
75%
LitauenVilnius
75%
ItalienTurin
74%
SlowenienLjubljana
72%
MaltaValetta
72%
SpanienSevilla
70%
NordmazedonienSkopje
70%
GroßbritannienBirmingham
68%
ZypernNikosia
68%
PolenDanzig
65%
KosovoPristina
65%
PolenKrakau
64%
GroßbritannienBelfast
63%
NorwegenBergen
63%
MoldawienChisinau
62%
MontenegroPodgorica
58%
GriechenlandThessaloniki
51%

Verteilung der Resultate

Perzentil nach korrekt beantworteten Fragen

Anzahl Personen mit jedem Resultat

Ihre Resultats-Entwicklung

Sie haben dieses Quiz noch nicht gespielt